Statistiken für Top 15 Länder mit Covid-19-Todesfällen - 29. Juni

Klicken Sie hier um das Quiz zu spielen!

Allgemein

  • Dieses Quiz wurde 9 mal gespielt
  • Das Durchschnittsergebnis liegt bei 17 aus 20

Antwortstatistiken

Land% Korrekt
Deutschland
100%
Indien
100%
Italien
100%
Russland
100%
Schweiz
100%
Spanien
100%
Vereinigte Staaten
100%
Brasilien
88%
Iran
88%
Kanada
88%
Mexiko
88%
Peru
88%
Vereinigtes Königreich
88%
Belgien
75%
Chile
75%
Frankreich
75%
Schweden
75%
Niederlande
63%
Irland
50%
Ecuador
38%

Verteilung der Resultate

Perzentil nach korrekt beantworteten Fragen

Anzahl Personen mit jedem Resultat

Ihre Resultats-Entwicklung

Sie haben dieses Quiz noch nicht gespielt